[Event "ESP-chT CECLUB Sur Div 1"]
[Site "Burguillos"]
[Date "2007.08.23"]
[Round "3"]
[White "Tamayo Romay, Javier"]
[Black "Baena Canada, Jesus"]
[Result "1-0"]
[WhiteElo "2234"]
[BlackElo "2088"]
[PlyCount "57"]
[EventDate "2007.08.22"]
[EventType "team"]
[EventRounds "6"]
[EventCountry "ESP"]
[SourceTitle "CBM 119 Extra"]
[Source "ChessBase"]
[SourceDate "2007.09.04"]
[SourceVersion "1"]
[SourceVersionDate "2007.09.04"]
[SourceQuality "1"]

1. e4 d6 2. d4 Nf6 3. Nc3 g6 4. Bg5 Bg7 5. e5 Nfd7 6. f4 h6 7. Bh4 g5 8. fxg5 dxe5 9. Nf3 exd4 10. Nd5 Nc6 11. Bb5 Nde5 12. Nf4 Bg4 13. Be2 Bxf3 14. Bxf3 Qd6 15. Nh5 Nxf3+ 16. Qxf3 Qe5+ 17. Kf1 hxg5 18. Bg3 Qb5+ 19. Kf2 Be5 20. Bxe5 Qxe5 21. Rae1 g4 22. Qxc6+ bxc6 23. Rxe5 Rb8 24. b3 Rb5 25. Nf6+ Kd8 26. Nxg4 f5 27. a4 Rd5 28. Rxd5+ cxd5 29. Ne5 1-0

[Event "San Fernando op 18th"]
[Site "San Fernando"]
[Date "2004.07.23"]
[Round "7"]
[White "Baena Canada, Jesus"]
[Black "Lobato Soriano, Miguel Angel"]
[Result "1-0"]
[WhiteElo "2110"]
[BlackElo "2028"]
[PlyCount "51"]
[EventDate "2004.07.18"]
[EventType "swiss"]
[EventRounds "8"]
[EventCountry "ESP"]
[SourceTitle "CBM 101 Extra"]
[Source "ChessBase"]
[SourceDate "2004.09.01"]
[SourceVersion "2"]
[SourceVersionDate "2004.09.01"]
[SourceQuality "1"]

1. e4 c5 2. Nf3 d6 3. d4 cxd4 4. Nxd4 Nf6 5. Nc3 Nc6 6. Be3 a6 7. Be2 e6 8. 0-0 Be7 9. f4 0-0 10. Kh1 Qc7 11. a4 b6 12. Nxc6 Qxc6 13. e5 Nd5 14. Nxd5 exd5 15. c4 dxe5 16. cxd5 Qd6 17. fxe5 Qxe5 18. Bf4 Qxb2 19. Rb1 Qa3 20. d6 Bf6 21. d7 Bb7 22. Rxb6 Be4 23. Bd6 Qe3 24. Rb3 Qa7 25. Bxf8 Rxf8 26. Rxf6 1-0

[Event "San Fernando op 18th"]
[Site "San Fernando"]
[Date "2004.07.22"]
[Round "6"]
[White "Insua Mellado, Jose Luis"]
[Black "Baena Canada, Jesus"]
[Result "1/2-1/2"]
[WhiteElo "2213"]
[BlackElo "2110"]
[PlyCount "21"]
[EventDate "2004.07.18"]
[EventType "swiss"]
[EventRounds "8"]
[EventCountry "ESP"]
[SourceTitle "CBM 101 Extra"]
[Source "ChessBase"]
[SourceDate "2004.09.01"]
[SourceVersion "2"]
[SourceVersionDate "2004.09.01"]
[SourceQuality "1"]

1. e4 c5 2. Nc3 Nc6 3. g3 d6 4. Bg2 Nf6 5. d3 g6 6. Nge2 Bg7 7. h3 0-0 8. 0-0 Bd7 9. Be3 Rb8 10. Qd2 b5 11. Bh6 1/2-1/2

[Event "El Puerto St Maria op 17th"]
[Site "Cadiz"]
[Date "2002.07.30"]
[Round "2.5"]
[White "Cosano Montero, Jose Enrique"]
[Black "Baena Canada, Jesus"]
[Result "0-1"]
[WhiteElo "1923"]
[BlackElo "2158"]
[PlyCount "112"]
[EventDate "2002.07.29"]
[EventType "swiss"]
[EventRounds "7"]
[EventCountry "ESP"]
[SourceTitle "EXT 2004"]
[Source "ChessBase"]
[SourceDate "2003.11.25"]
[SourceVersion "1"]
[SourceVersionDate "2003.11.25"]
[SourceQuality "1"]

1. Nf3 Nc6 2. g3 e5 3. d3 d5 4. Nbd2 f5 5. c3 Nf6 6. Bg2 Be7 7. 0-0 0-0 8. e4 fxe4 9. dxe4 dxe4 10. Ng5 e3 11. Qb3+ Kh8 12. fxe3 Qd6 13. Nde4 Qd5 14. Qc2 Qg8 15. Nxf6 gxf6 16. Nf3 f5 17. e4 fxe4 18. Qxe4 Bf5 19. Qe1 Bd3 20. Rf2 e4 21. Nd4 Rxf2 22. Qxf2 Rf8 23. Bf4 Bd6 24. Nxc6 Bxf4 25. Qd4+ Qg7 26. gxf4 bxc6 27. Qxa7 Rxf4 28. Qd4 Qxd4+ 29. cxd4 Kg7 30. Bf1 Kf6 31. a4 Ke6 32. a5 Kd5 33. a6 Rf8 34. a7 Ra8 35. Kf2 Bxf1 36. Kxf1 Kxd4 37. Ke2 c5 38. Ra4+ Kd5 39. b3 Kc6 40. Ke3 Kb6 41. Kxe4 Rxa7 42. Rxa7 Kxa7 43. Kd5 Kb6 44. Kc4 Kc6 45. Kc3 Kd5 46. Kd3 Kd6 47. Kc4 Kc6 48. Kc3 Kb5 49. Kc2 Kb4 50. Kb2 c4 51. bxc4 Kxc4 52. Kc2 Kd4 53. Kd2 Ke4 54. Ke2 Kf4 55. Kf2 Kg4 56. Kg2 Kh4 0-1

[Event "ESP-chT"]
[Site "Barcelona"]
[Date "2000.08.11"]
[Round "7"]
[White "Baena Canada, Jesus"]
[Black "Gonzalez, Argentino Jorge"]
[Result "0-1"]
[WhiteElo "2152"]
[BlackElo "2150"]
[PlyCount "90"]
[EventDate "2000.08.05"]
[EventType "team"]
[EventRounds "9"]
[EventCountry "ESP"]
[SourceTitle "CBM 077 Extra"]
[Source "ChessBase"]
[SourceDate "2000.09.14"]
[SourceVersion "1"]
[SourceVersionDate "2000.09.14"]
[SourceQuality "1"]

1. e4 e5 2. Nf3 Nf6 3. Nc3 Nc6 4. Bc4 Bb4 5. 0-0 0-0 6. d3 Bxc3 7. bxc3 d5 8. exd5 Nxd5 9. Bg5 Qd6 10. d4 Nxc3 11. Qd3 exd4 12. Bd2 b5 13. Ng5 g6 14. Bxf7+ Rxf7 15. Nxf7 Kxf7 16. Qf3+ Qf6 17. Bf4 Bd7 18. Rfe1 Kg8 19. Qg3 Re8 20. Rxe8+ Bxe8 21. Re1 Bd7 22. Bxc7 Bf5 23. Qf3 Kf7 24. Qf4 g5 25. Qc1 Nxa2 26. Qa3 Nab4 27. Qb3+ Be6 28. Qg3 Nxc2 29. Rc1 N2b4 30. h3 Bc4 31. Qg4 Nd3 32. Rc2 Nde5 33. Qc8 d3 34. Rd2 Kg6 35. Qe8+ Bf7 36. Qc8 Qe6 37. Qa6 b4 38. Kf1 Qc4 39. Qa1 Qc3 40. Qe1 Qd4 41. Qb1 Kg7 42. Ke1 Qc3 43. Bxe5+ Nxe5 44. Qb2 Bg6 45. Qa2 Nc4 0-1

[Event "ESP-chT Div 2"]
[Site "Cala Galdana"]
[Date "1999.11.14"]
[Round "7"]
[White "Bayon Fernandez, Rogelio"]
[Black "Baena Canada, Jesus"]
[Result "0-1"]
[WhiteElo "2226"]
[BlackElo "2153"]
[PlyCount "30"]
[EventDate "1999.11.08"]
[EventType "team"]
[EventRounds "9"]
[EventCountry "ESP"]
[SourceTitle "CBM 073 Extra"]
[Source "ChessBase"]
[SourceDate "2000.01.11"]
[SourceVersion "1"]
[SourceVersionDate "2000.01.11"]
[SourceQuality "1"]

1. d4 Nf6 2. Nf3 g6 3. c4 Bg7 4. g3 0-0 5. Bg2 c6 6. 0-0 d5 7. Nc3 dxc4 8. a4 Nbd7 9. e4 e5 10. dxe5 Ng4 11. e6 fxe6 12. Ng5 Nxf2 13. Rxf2 Qb6 14. Qe2 Rxf2 15. Qxc4 Rc2+ 0-1

[Event "ESP-chT Div 2"]
[Site "Cala Galdana"]
[Date "1999.11.09"]
[Round "2"]
[White "Fernandez Garcia, Miguel Angel"]
[Black "Baena Canada, Jesus"]
[Result "1-0"]
[WhiteElo "2156"]
[BlackElo "2153"]
[PlyCount "79"]
[EventDate "1999.11.08"]
[EventType "team"]
[EventRounds "9"]
[EventCountry "ESP"]
[SourceTitle "CBM 073 Extra"]
[Source "ChessBase"]
[SourceDate "2000.01.11"]
[SourceVersion "1"]
[SourceVersionDate "2000.01.11"]
[SourceQuality "1"]

1. d4 Nf6 2. c4 g6 3. Nc3 Bg7 4. e4 d6 5. f4 c5 6. dxc5 Qa5 7. Bd3 Qxc5 8. Qe2 Bg4 9. Nf3 Nc6 10. Be3 Bxf3 11. gxf3 Qa5 12. 0-0 0-0 13. Rac1 Nh5 14. Bb1 Bd4 15. Kh1 e5 16. f5 Qd8 17. Nd5 Qh4 18. Rg1 Nf4 19. Nxf4 exf4 20. Rg4 Qf6 21. Bxf4 Bxb2 22. Rd1 Be5 23. Bg5 Qg7 24. f4 Bd4 25. Qf3 Rfe8 26. Qb3 b6 27. e5 dxe5 28. f6 Qf8 29. f5 Rad8 30. Be4 Qc5 31. Qh3 h5 32. Rg2 Qxc4 33. fxg6 Qa4 34. gxf7+ Kxf7 35. Qxh5+ Ke6 36. Bf5+ Kd6 37. f7 Rh8 38. Qg6+ Kc7 39. Rc2 Rd6 40. Qg7 1-0

[Event "ESP-ch"]
[Site "Palencia"]
[Date "1999.08.27"]
[Round "9"]
[White "Fos Santacreu, Juan Andres"]
[Black "Baena Canada, Jesus"]
[Result "0-1"]
[WhiteElo "2255"]
[BlackElo "2153"]
[PlyCount "216"]
[EventDate "1999.08.19"]
[EventType "swiss"]
[EventRounds "9"]
[EventCountry "ESP"]
[SourceTitle "CBM 071 Extra"]
[Source "ChessBase"]
[SourceDate "1999.09.14"]
[SourceVersion "1"]
[SourceVersionDate "1999.09.14"]
[SourceQuality "1"]

1. Nf3 Nf6 2. d4 g6 3. g3 Bg7 4. Bg2 0-0 5. 0-0 d5 6. c4 c6 7. b3 Nbd7 8. Bb2 Ne4 9. Nc3 f5 10. cxd5 Nxc3 11. Bxc3 cxd5 12. e3 Nf6 13. Ne5 Ne4 14. Bb4 Bd7 15. f3 Nf6 16. a4 Re8 17. Rc1 Rc8 18. Rf2 Rxc1 19. Qxc1 Qb6 20. Qa3 Qe6 21. Rc2 Bc6 22. Qc1 Rc8 23. Bc5 Nd7 24. f4 Nxe5 25. dxe5 a6 26. Bd4 Qd7 27. Bf3 e6 28. g4 Qf7 29. g5 Rd8 30. Bb6 Rc8 31. Be2 Qe8 32. Kf2 Bf8 33. Bc5 Bg7 34. Bd6 h6 35. h4 hxg5 36. hxg5 Kf7 37. Kg3 Bd7 38. Rc7 Rxc7 39. Qxc7 Qc8 40. Qb6 Ke8 41. Bc7 Bf8 42. Kf2 Be7 43. Ke1 Bc6 44. Qa5 Kd7 45. Bb6 Qf8 46. Bc5 Bxc5 47. Kf2 Bb4 48. Qb6 Qc5 49. Qxc5 Bxc5 50. Bd3 d4 51. exd4 Bxd4+ 52. Kg3 Bd5 53. Bc2 Kc6 54. Bd1 Bc5 55. Kh4 Bg2 56. Kg3 Bf1 57. Bf3+ Kc7 58. Bd1 b5 59. Kh2 Bd3 60. Kg3 Be3 61. Bh5 bxa4 62. bxa4 Kd7 63. Bxg6 Bc2 64. a5 Bd2 65. Bh5 Be1+ 66. Kh3 Ke7 67. Be2 Bxa5 68. Bxa6 Be1 69. Be2 Be4 70. Bh5 Bc6 71. Kh2 Kf8 72. Kh3 Be8 73. Be2 Ke7 74. Bc4 Bh5 75. Bb5 Bg4+ 76. Kg2 Bh4 77. Ba4 Bh5 78. Bb5 Be1 79. Ba4 Kd8 80. Bb3 Kd7 81. Ba4+ Kc7 82. Bb5 Kb6 83. Bd7 Bf7 84. Kf3 Kc5 85. Ke3 Kd5 86. Bc8 Bb4 87. Bb7+ Kc4 88. Ba6+ Kc3 89. Bc8 Bc5+ 90. Kf3 Kd4 91. Bd7 Bb4 92. g6 Bxg6 93. Bxe6 Bh5+ 94. Kg3 Be1+ 95. Kg2 Ke4 96. Bb3 Kxf4 97. e6 Bb4 98. Bd5 Ke3 99. Bc6 f4 100. Kg1 f3 101. Bb5 Bg4 102. e7 Bxe7 103. Bf1 Bd6 104. Kh1 Bc7 105. Kg1 f2+ 106. Kg2 Be2 107. Kh1 Bf3+ 108. Bg2 f1Q# 0-1

[Event "ESP-ch"]
[Site "Palencia"]
[Date "1999.08.22"]
[Round "4"]
[White "Baena Canada, Jesus"]
[Black "Cid Royo, Jonathan"]
[Result "1/2-1/2"]
[WhiteElo "2153"]
[BlackElo "2251"]
[PlyCount "100"]
[EventDate "1999.08.19"]
[EventType "swiss"]
[EventRounds "9"]
[EventCountry "ESP"]
[SourceTitle "CBM 071 Extra"]
[Source "ChessBase"]
[SourceDate "1999.09.14"]
[SourceVersion "1"]
[SourceVersionDate "1999.09.14"]
[SourceQuality "1"]

1. e4 d5 2. exd5 Nf6 3. Bb5+ Nbd7 4. Nc3 a6 5. Be2 Nb6 6. Nf3 g6 7. 0-0 Bg7 8. d4 0-0 9. Bg5 Nbxd5 10. Nxd5 Nxd5 11. Re1 h6 12. Bh4 f5 13. Bc4 g5 14. Nxg5 hxg5 15. Bxg5 Rf7 16. Qh5 Qd6 17. Bxe7 Qd7 18. Ba3 c6 19. Bxd5 cxd5 20. Re3 Qc6 21. Rae1 Bd7 22. Re7 Raf8 23. c3 f4 24. Rxd7 Qxd7 25. Bxf8 Rxf8 26. Qg6 Qf5 27. Qxf5 Rxf5 28. f3 Kf7 29. Kf2 Rh5 30. Kg1 b5 31. g3 Rh6 32. Kg2 Rb6 33. a3 a5 34. gxf4 b4 35. axb4 axb4 36. Ra1 bxc3 37. bxc3 Bh6 38. f5 Bd2 39. Ra5 Bxc3 40. Rxd5 Rb4 41. Kg3 Bxd4 42. Ra5 Kf6 43. f4 Be3 44. h4 Bxf4+ 45. Kf3 Be5 46. h5 Kxf5 47. h6 Rh4 48. Ra6 Bf6 49. Ra5+ Be5 50. Ra6 Bf6 1/2-1/2

[Event "ESP-ch"]
[Site "Linares"]
[Date "1998.08.12"]
[Round "1"]
[White "Bellon Lopez, Juan Manuel"]
[Black "Baena Canada, Jesus"]
[Result "1-0"]
[WhiteElo "2490"]
[BlackElo "2180"]
[PlyCount "39"]
[EventDate "1998.08.??"]
[EventType "swiss"]
[EventRounds "9"]
[EventCountry "ESP"]
[SourceTitle "EXT 1999"]
[Source "ChessBase"]
[SourceDate "1998.11.16"]
[SourceVersion "1"]
[SourceVersionDate "1998.11.16"]
[SourceQuality "1"]

1. d4 g6 2. e4 Bg7 3. Nc3 d6 4. Bg5 Nc6 5. Nge2 h6 6. Be3 e5 7. h3 Nge7 8. dxe5 Nxe5 9. f4 N5c6 10. g4 0-0 11. Qd2 b5 12. 0-0-0 Na5 13. Bd4 f6 14. Ng3 a6 15. Nd5 Nac6 16. Bc3 Bd7 17. f5 Be8 18. Nf4 Bf7 19. fxg6 Nxg6 20. Nxg6 1-0

[Event "Malaga op 1st"]
[Site "Malaga"]
[Date "1998.02.16"]
[Round "4"]
[White "Wohl, Aleksandar H"]
[Black "Baena Canada, Jesus"]
[Result "1/2-1/2"]
[WhiteElo "2440"]
[BlackElo "2160"]
[PlyCount "72"]
[EventDate "1998.02.13"]
[EventType "swiss"]
[EventRounds "9"]
[EventCountry "ESP"]
[SourceTitle "CBM 063 Extra"]
[Source "ChessBase"]
[SourceDate "1998.04.29"]
[SourceVersion "1"]
[SourceVersionDate "1998.04.29"]
[SourceQuality "1"]

1. d4 d5 2. c4 e6 3. Nc3 Nf6 4. Bg5 Be7 5. e3 c6 6. Qc2 Nbd7 7. Nf3 Nf8 8. Bd3 dxc4 9. Bxc4 Ng6 10. 0-0 h6 11. Bxf6 gxf6 12. Rfd1 Qa5 13. Ne2 Bd6 14. e4 Bd7 15. a3 Qc7 16. Qc3 Rg8 17. Bd3 0-0-0 18. Rac1 Kb8 19. b4 Bf4 20. Rc2 Ne7 21. Qc5 Nc8 22. Qh5 Rg7 23. e5 fxe5 24. dxe5 Bg5 25. h4 Be7 26. Qxh6 Rdg8 27. g3 Qb6 28. Kg2 c5 29. b5 Qa5 30. Bh7 Bxb5 31. Bxg8 Rxg8 32. Qe3 Ba4 33. Rdd2 Bxc2 34. Rxc2 Qa4 35. Rd2 Nb6 36. Nf4 Qc6 1/2-1/2

[Event "ESP-ch"]
[Site "Torrevieja"]
[Date "1997.09.29"]
[Round "1"]
[White "Baena Canada, Jesus"]
[Black "Izeta Txabarri, Felix"]
[Result "0-1"]
[WhiteElo "2120"]
[BlackElo "2525"]
[PlyCount "80"]
[EventDate "1997.09.29"]
[EventType "swiss"]
[EventRounds "9"]
[EventCountry "ESP"]
[SourceTitle "CBM 060 Extra"]
[Source "ChessBase"]
[SourceDate "1997.11.04"]
[SourceVersion "1"]
[SourceVersionDate "1997.11.04"]
[SourceQuality "1"]

1. e4 c6 2. d4 d5 3. e5 Bf5 4. Bd3 Bxd3 5. Qxd3 e6 6. Nf3 Qa5+ 7. Nbd2 Qa6 8. Qxa6 Nxa6 9. 0-0 c5 10. c3 Ne7 11. a3 c4 12. b3 cxb3 13. Rb1 Rc8 14. Rxb3 b6 15. c4 dxc4 16. Rc3 b5 17. Ng5 Nc7 18. Nde4 Nf5 19. Rd1 Nd5 20. Rf3 h6 21. Nxf7 Kxf7 22. g4 g6 23. gxf5 gxf5 24. Nc3 Nxc3 25. Rxc3 Rd8 26. f3 Be7 27. Kf2 Rd5 28. Bf4 Bc5 29. Be3 a6 30. a4 f4 31. Bxf4 Bxd4+ 32. Rxd4 Rxd4 33. Be3 Rd5 34. axb5 axb5 35. Ra3 Rhd8 36. Bxh6 b4 37. Ra4 Rb8 38. h4 b3 39. Ra7+ Kg6 40. Bc1 b2 0-1

[Event "Ceuta"]
[Site "Ceuta"]
[Date "1995.??.??"]
[Round "4"]
[White "Glavina, Pablo"]
[Black "Baena Canada, Jesus"]
[Result "1-0"]
[WhiteElo "2400"]
[BlackElo "2000"]
[PlyCount "69"]
[EventDate "1995.??.??"]
[EventType "tourn"]
[EventRounds "9"]
[EventCountry "ESP"]
[EventCategory "1"]
[SourceTitle "EXT 1997"]
[Source "ChessBase"]
[SourceDate "1996.11.15"]
[SourceVersion "1"]
[SourceVersionDate "1996.11.15"]
[SourceQuality "1"]

1. d4 Nf6 2. c4 e6 3. g3 d5 4. Bg2 c6 5. Nf3 Nbd7 6. Qc2 Be7 7. 0-0 0-0 8. b3 Ne4 9. Bb2 f5 10. Ne5 Nxe5 11. dxe5 Bd7 12. Rd1 Bc5 13. e3 Rc8 14. Nd2 Qe7 15. Nf3 Be8 16. Nd4 Bg6 17. Qe2 Bb6 18. a4 a6 19. f3 Ng5 20. h4 Nf7 21. Ba3 c5 22. f4 dxc4 23. h5 Nxe5 24. hxg6 Nxg6 25. Nxe6 Rf6 26. Ng5 cxb3 27. Bd5+ Kh8 28. Bb2 c4 29. Bxf6 gxf6 30. Nf7+ Kg7 31. Qh5 Bxe3+ 32. Kh1 b2 33. Qh6+ Kg8 34. Ne5+ Kh8 35. Nxg6# 1-0

[Event "Ceuta"]
[Site "Ceuta"]
[Date "1995.??.??"]
[Round "8"]
[White "Gonzalez Custodio, Rafael"]
[Black "Baena Canada, Jesus"]
[Result "1/2-1/2"]
[WhiteElo "2210"]
[BlackElo "2000"]
[PlyCount "107"]
[EventDate "1995.??.??"]
[EventType "tourn"]
[EventRounds "9"]
[EventCountry "ESP"]
[EventCategory "1"]
[SourceTitle "EXT 1997"]
[Source "ChessBase"]
[SourceDate "1996.11.15"]
[SourceVersion "1"]
[SourceVersionDate "1996.11.15"]
[SourceQuality "1"]

1. c4 c5 2. Nc3 Nf6 3. g3 Nc6 4. Bg2 g6 5. Nf3 Bg7 6. 0-0 0-0 7. Rb1 d6 8. a3 a5 9. d3 Bd7 10. Bd2 Nh5 11. Qc1 Re8 12. Bh6 Bh8 13. Bg5 Qc8 14. Nd5 Ra6 15. Bd2 e6 16. Nc3 Ng7 17. e4 Ne5 18. Ne1 Nh5 19. b4 axb4 20. axb4 cxb4 21. Rxb4 Nc6 22. Rb1 Nd4 23. Nc2 Qc7 24. Nxd4 Bxd4 25. Nb5 Bxb5 26. Rxb5 Ra1 27. Qc2 Rea8 28. Rxa1 Rxa1+ 29. Rb1 Ra3 30. Bb4 Ra6 31. Bc3 Bxc3 32. Qxc3 e5 33. Qb3 b6 34. Bf3 Nf6 35. Kg2 Nd7 36. Be2 Qc5 37. Bg4 Ra3 38. Qb2 Nf6 39. Be2 Ra6 40. h3 h5 41. Qd2 Qd4 42. Qb2 Qc5 43. Qb5 Qc8 44. Qb2 Qa8 45. Qc2 Nd7 46. Rb2 Nc5 47. Qd2 Ne6 48. Qb4 Qc6 49. Qb5 Qc8 50. Qb4 Qd8 51. Qd2 Nd4 52. Ra2 Qa8 53. Rxa6 Qxa6 54. Bxh5 1/2-1/2